000 00595nam a2200205Ia 4500
008 191130s1996##################000#0#eng##
020 _a9780820428048
022 _a95017433
040 _aACL
_cACL
082 _a302.2 PEN.6
245 _aWorldmaking
_cedited by William Pencak
260 _aBern ; New York
_bPeter Lang
_c1996
300 _avii, 406 p. : ill. ; 24 cm
500 _aIncludes bibliographical references and index
650 _aSemiotics - Social aspects
700 _aPencak, William
990 _aa939c406ac10000c119bcb10e576bd39
991 _a218548
999 _c99589
_d99589